The Rhetorical Functions of Scriptural Quotations in Romans, Paul's Argumentation by Quotations.
Quotations from Jewish scriptures play a crucial role in the Letter to the Romans. The Rhetorical Functions of Scriptural Quotations in Romans explores their rhetorical functions in Paul's argumentation. It offers a careful text-critical analysis of the 51 quotations in Romans, and asks questio...
المؤلف الرئيسي:
التنسيق: كتاب الكتروني
اللغة: English
منشور في:
Leiden, Boston:
Brill,
2019.
سلاسل:
Novum Testamentum, Supplements
172.
Novum Testamentum Supplements Online, Supplement 2018, ISBN: 9789004353398.
الموضوعات:
الوصول للمادة أونلاين: Login to view Source
الوسوم: إضافة وسم
رقم الطلب: BS2665.52 .K8513 2018
| LEADER | 02712nam a2200397 i 4500 | ||
|---|---|---|---|
| 001 | BRILL9789004382930 | ||
| 003 | nllekb | ||
| 005 | 20210602103933.0 | ||
| 006 | m d | ||
| 007 | cr un uuuua | ||
| 008 | 181023s2019 ne od eng d | ||
| 020 | |a 9789004382930 |q (electronic book) | ||
| 020 | |z 9789004381292 |q (print) | ||
| 024 | 7 | |a 10.1163/9789004382930 |2 DOI | |
| 040 | |a NL-LeKB |c NL-LeKB |e rda | ||
| 050 | 4 | |a BS2665.52 |b .K8513 2018 | |
| 072 | 7 | |a HRCG |2 bicssc | |
| 072 | 7 | |a REL006400 |2 bisacsh | |
| 082 | 0 | 4 | |a 227/.106 |2 23 |
| 100 | 1 | |a Katja Kujanpää | |
| 245 | 0 | 0 | |a The Rhetorical Functions of Scriptural Quotations in Romans, |b Paul's Argumentation by Quotations. |
| 264 | 3 | 1 | |a Leiden, |a Boston: |b Brill, |c 2019. |
| 300 | |a 1 online resource. | ||
| 336 | |a text |b txt |2 rdacontent | ||
| 337 | |a computer |b c |2 rdamedia | ||
| 338 | |a online resource |2 rdacarrier | ||
| 505 | 0 | 0 | |a Front Matter -- Copyright page -- Acknowledgements -- Introduction -- Righteous God, Sinful Humankind (3:1-20) -- Abraham's Children, Justified by Faith (4:1-25) -- Sovereign to Elect (9:6-29) -- The Mystery of Israel's Unbelief (9:30-10:21) -- Israel and Gentiles in a Divine Plan (11:1-36) -- Jews and Gentiles Worshipping Together (14:1-15:21) -- Stand-Alone Quotations and Quotation Pairs -- Conclusions -- Back Matter -- Bibliography. |
| 520 | |a Quotations from Jewish scriptures play a crucial role in the Letter to the Romans. The Rhetorical Functions of Scriptural Quotations in Romans explores their rhetorical functions in Paul's argumentation. It offers a careful text-critical analysis of the 51 quotations in Romans, and asks questions such as: does Paul quote accurately according to a wording known to him or does he adapt it himself? Moreover, to what extent does Paul strive to preserve the sense that the quoted words have in their original context? Katja Kujanpää's approach of combining rhetorical matters with close textual study results in a more comprehensive picture of quotations in Romans than has been previously seen. Thus, the book opens new perspectives on Paul's argumentation, rhetoric and theological agenda. | ||
| 650 | 0 | |a Quotation in the Bible. | |
| 776 | 0 | 8 | |i Print version: |t The Rhetorical Functions of Scriptural Quotations in Romans: Paul's Argumentation by Quotations |d Leiden, Boston : BRILL, 2019, |z 9789004381292 |
| 830 | 0 | |a Novum Testamentum, Supplements |v 172. | |
| 830 | 0 | |a Novum Testamentum Supplements Online, Supplement 2018, ISBN: 9789004353398. | |
| 856 | 4 | |z DOI: |u http://dx.doi.org/10.1163/9789004382930 | |
| 942 | |c EBOOK | ||
| 952 | |0 0 |1 0 |4 0 |7 1 |9 15579 |a BRILL |b BRILL |d 2021-06-02 |l 0 |r 2021-06-02 00:00:00 |w 2021-06-02 |y EBOOK | ||
| 999 | |c 37025 |d 37025 | ||
